00444 a2200169 450000100060000002000150000604000220002110000170004324000200006024500150008030000080009536200090010365000310011294200070014395201070015099900170025757870 a8531200296 cAnchieta - Pituba aOster, Jerry10aSaint Mikelpor10aSaint Mike a2520 a1988 4aFicção norte-americana cBK 00104070a91.1b91.1d2023-11-21l0o813 O85s OST SAIp8092/PITr2023-11-21 18:25:34w2023-11-21yBK c57870d57870